| 000 | 00540nam a2200181Ia 4500 | ||
|---|---|---|---|
| 999 |
_c28713 _d28713 |
||
| 003 | OSt | ||
| 005 | 20210105124925.0 | ||
| 008 | 190216s9999||||xx |||||||||||||| ||und|| | ||
| 020 | _a9798130001721 | ||
| 040 | _coclc | ||
| 082 |
_a500 _bKUR/B |
||
| 100 |
_aKurupp, C H Kunhikrishna _98045 |
||
| 245 | 0 |
_aBhoomiyum Prakrithiprathibhasangalum / _cC H Kunhikrishnana Kuruppu |
|
| 260 |
_bPoorna Publication, _aKozhikode: _c2004. |
||
| 300 | _a140p | ||
| 650 | _aMalayalam | ||
| 942 |
_cBK _2ddc _h500 _iKUR/B _k500 _mKUR/B |
||